00850nam a22002177a 4500999001500000003000600015005001700021008004100038040000800079082001700087100002700104245005700131260006300188300002100251500010200272650006300374650003300437650003800470942001200508952011200520 c8205d8205GBCCL20241126110645.0190715b ||||| |||| 00| 0 eng d cgbc a226.207bMAC aMacArthur, John 98028 aChrist and the law : bstudy notes ; Matthew 5:17-20 aPanorama City, CA : bWord of Grace Communications, c1983 a81 pages ; 22 cm aThese study notes are taken from messages delivered at Grace Community Church, Panorama City, CA. aBible. -- Matthew VII, 7-20 -- Study and teaching. 914278 aSermon on the mount. 911870 aJesus Christ -- Teachings.912639 2ddccBK 00102ddc4070aGBCbGBCcBSd2019-07-15l0o226.207 MACp004318r2025-05-01 00:00:00tc.1w2019-07-15yBK